| 000 | 00918nam a2200241 i 4500 | ||
|---|---|---|---|
| 001 | 16863 | ||
| 003 | ES-MaACL | ||
| 005 | 20230906151419.0 | ||
| 007 | t| | ||
| 008 | 001116s1985 sp ||||1| spa d | ||
| 080 | _a75 Criado, Felipe (064.3) | ||
| 100 | 1 |
_aCriado, Felipe. _941595 |
|
| 245 | 1 | 0 |
_aFelipe Criado _b: 4 variantes para 14 posibles temas : [exposición] : Abril, 1985, Palacio de Velarde, Oviedo. |
| 260 |
_aOviedo : _bCentro Regional de Bellas Artes : _bMuseo de Bellas Artes de Asturias, _c1985. |
||
| 300 |
_a[48] p. : _bprincipalmente il. col. y n. ; _c26 cm. |
||
| 600 | 1 | 4 |
_aCriado, Felipe- _vExposiciones. _941596 |
| 655 | 7 |
_2tgfbne _9193628 _aCatálogos de exposiciones |
|
| 710 | 2 |
_aCentro Regional de Bellas Artes (Asturias) _92781 |
|
| 710 | 2 |
_aMuseo de Bellas Artes de Asturias. _95843 |
|
| 852 |
_aES-MaACL _j1591-F-17 _bR.108325 |
||
| 942 | _2udc | ||
| 999 |
_c16863 _d16863 |
||